| 000 | 00810nam a2200265 i 4500 | ||
|---|---|---|---|
| 003 | DO-SdBNP | ||
| 005 | 20240920085330.0 | ||
| 007 | ta | ||
| 008 | 240920s1992 cl 000 p spa d | ||
| 020 | _a9567089167 | ||
| 040 |
_aDO-SdBNP _bspa _cBNPHU _erda |
||
| 082 |
_bB995G _222 |
||
| 100 | 1 |
_4aut. _aByrne, Rosanna _eautora _986626 |
|
| 245 | 1 | 0 |
_aGeronimo enloqueció otra vez / _cRosanna Byrne |
| 264 | 1 |
_aChile : _bEditora Aníbal Pinto, _c1992. |
|
| 300 |
_a62 páginas, _c21 cm. |
||
| 336 |
_2rdacontent _atexto _btxt |
||
| 337 |
_2rdamedia _asin mediación _bn |
||
| 338 |
_2rdacarrier _avolumen _bnc |
||
| 490 | 1 | _aAcuario de papel | |
| 500 | _aIncluye datos biográficos de la autora en la solapa de la portada. | ||
| 590 | _aInventariado, 2024/ YL | ||
| 910 | _aYLockward | ||
| 942 |
_2ddc _cLBS1 |
||
| 999 |
_c57729 _d57729 |
||